Easy My Little Pony: Friendship is magic Quiz - Statistics

General Stats
  • This quiz has been taken 1,052 times
  • The average score is 12 of 15
Answer Stats
Hint Answer % Correct
Who likes apples? Applejack
99%
What is the name of the little purple dragon? Spike
96%
What colour is Twilight Sparkle? Purple
95%
Where do they live? Equestria
91%
What is the symbol that appears on a pony when they discover their true calling called? cutie mark
89%
Instead of 'somebody' they say... somepony
88%
What is Nightmare Moon called after she becomes good? Princess Luna
85%
Fluttershy's element of harmony? kindness
83%
The name of Applejack's sister? Applebloom
82%
Applejack's element of harmony? honesty
81%
Twilight Sparkle's element of harmony? Magic
81%
Rainbow Dash's element of harmony? loyalty
78%
Pinkie Pie's element of harmony? laughter
76%
Rarity's element of harmony? generosity
73%
What does the purple dragon breathe out of his mouth instead of fire? Messages from princess Celestia
43%
No matching quizzes found
Score Distribution
Percent of People with Each Score
Percentile by Number Answered
Your Score History
You have not taken this quiz